01165nam a2200265Ia 4500003000900000008004100009020001800050040001600068080002300084111007600107245024500183260003400428300001500462490003700477650003300514650002600547650004100573650002800614700003000642700003000672700003000702942000700732999001700739952014300756IN-BaIIA211028s9999 xx 000 0 eng d a3-540-53860-7 cIIA Library a524.74(082.1)bVAR aWorkshop of the SonderforschungsbereichcGermanyd1990 Sept. 3-5917405 0aVariablity of active galaxiesbproceedings of a workshop of the Sonderforschungsbereich held in Heidelberg, Germany, 3-5 September 1990cedited by W. J. Duschl, S. J. Wagner and M. Camenzind  aBerlinbSpringer-Verlagc1991 axii, 312p. aLecture notes in physics; v. 377 aActive galactic nuclei96209 aActive galaxies91285 aAstronomy and astrophysics thesaurus aCompact galaxies917406 aCamenzind, M., ed.917407 aDuschl, W. J., ed.917408 aWagner, S. J., ed.917409 cBK c10243d10243 00104070aBANbBANcGENd1991-11-18g1131.60l1o524.74(082.1)/ VARp11153r2023-12-27s2023-12-04v1131.60w1991-11-18yBKGRs. 1131.60